[Event "GER T106-E06-P email"]
[Site "GER email"]
[Date "2014.09.22"]
[Round "?"]
[White "Grehling, Martin"]
[Black "Pautz, Peter"]
[Result "0-1"]
[WhiteElo "1576"]
[BlackElo "1983"]
[PlyCount "60"]
[EventDate "2014.??.??"]
[EventType "tourn (corr)"]
[EventRounds "6"]
[EventCountry "GER"]
[SourceTitle "Corr 2015"]
[Source "ChessBase"]
[SourceDate "2015.07.17"]
[SourceVersion "1"]
[SourceVersionDate "2015.07.17"]
[SourceQuality "1"]

1. d4 Nf6 2. c4 e6 3. g3 d5 4. Bg2 Be7 5. Nf3 0-0 6. 0-0 Nbd7 7. Nbd2 c6 8. b3 b6 9. Bb2 Bb7 10. Qc2 Rc8 11. e4 c5 12. exd5 exd5 13. Nh4 cxd4 14. Qd3 Ne4 15. Nf5 Ndc5 16. Qe2 d3 17. Qg4 Bf6 18. Nxe4 dxe4 19. Nxg7 Kh8 20. Bxf6 Qxf6 21. Nh5 Qg6 22. Qh4 Qh6 23. f3 e3 24. Qd4+ f6 25. Nf4 e2 26. Rfe1 Rcd8 27. Nd5 Bxd5 28. cxd5 Rxd5 29. Qxd5 Qe3+ 30. Kh1 d2 0-1

[Event "GER OL-269 email"]
[Site "GER email"]
[Date "2013.??.??"]
[Round "?"]
[White "Grehling, Martin"]
[Black "Tassone, Raffaele"]
[Result "0-1"]
[WhiteElo "1633"]
[BlackElo "2050"]
[PlyCount "92"]
[EventDate "2012.??.??"]
[EventType "tourn (corr)"]
[EventRounds "6"]
[EventCountry "GER"]
[SourceTitle "Corr 2015"]
[Source "ChessBase"]
[SourceDate "2015.07.17"]
[SourceVersion "1"]
[SourceVersionDate "2015.07.17"]
[SourceQuality "1"]

1. d4 Nf6 2. c4 g6 3. Nc3 Bg7 4. Nf3 d6 5. e4 0-0 6. Be2 e5 7. Be3 exd4 8. Nxd4 Nc6 9. Nxc6 bxc6 10. 0-0 Re8 11. f3 d5 12. Bf2 Rb8 13. cxd5 cxd5 14. Qc2 dxe4 15. Bxa7 Bf5 16. Qc1 Rb7 17. Rd1 Qa8 18. Bd4 c6 19. a3 Rd8 20. Be5 Rxd1+ 21. Nxd1 Re7 22. Qc5 exf3 23. Qxe7 Nd5 24. Qd6 fxe2 25. Nf2 Qe8 26. Qb8 Qxb8 27. Bxb8 Bc8 28. Nd3 Bd4+ 29. Kh1 Ba6 30. Be5 c5 31. Bxd4 cxd4 32. Ne1 d3 33. Nxd3 Bxd3 34. Kg1 Bc2 35. Re1 Bd1 36. Kf2 Nf4 37. Rxe2 Bxe2 38. g3 Nd3+ 39. Kxe2 Nxb2 40. Kf3 f6 41. Ke4 Kf7 42. Kd4 Na4 43. Kc4 g5 44. g4 f5 45. gxf5 Kf6 46. Kb4 h5 0-1

[Event "GER-ch68 V02 email"]
[Site "GER email"]
[Date "2012.??.??"]
[Round "?"]
[White "Kocks, Friedhelm"]
[Black "Grehling, Martin"]
[Result "1-0"]
[WhiteElo "2097"]
[BlackElo "2190"]
[PlyCount "59"]
[EventDate "2012.02.13"]
[EventType "tourn (corr)"]
[EventRounds "6"]
[EventCountry "GER"]
[SourceTitle "Corr 2015"]
[Source "ChessBase"]
[SourceDate "2015.07.17"]
[SourceVersion "1"]
[SourceVersionDate "2015.07.17"]
[SourceQuality "1"]

1. e4 e5 2. Nf3 Nc6 3. d4 exd4 4. Nxd4 Nf6 5. Nxc6 bxc6 6. e5 Qe7 7. Qe2 Nd5 8. c4 Ba6 9. b3 g6 10. f4 g5 11. fxg5 Bg7 12. Bb2 Qxg5 13. Nd2 c5 14. Ne4 Qh4+ 15. g3 Qe7 16. Bg2 0-0-0 17. 0-0 Nb6 18. Qh5 Rhf8 19. Rf5 Bb7 20. Raf1 Bxe4 21. Bxe4 h6 22. a4 Kb8 23. Rxf7 Rxf7 24. Rxf7 Qe8 25. a5 Nc8 26. Qf5 Bf8 27. Bc1 Ne7 28. Qf6 Nc6 29. Bxc6 dxc6 30. a6 1-0

[Event "GER-ch68 V02 email"]
[Site "GER email"]
[Date "2012.??.??"]
[Round "?"]
[White "Zitzmann, Johann"]
[Black "Grehling, Martin"]
[Result "1-0"]
[WhiteElo "2074"]
[BlackElo "1633"]
[PlyCount "83"]
[EventDate "2012.02.13"]
[EventType "tourn (corr)"]
[EventRounds "6"]
[EventCountry "GER"]
[SourceTitle "Corr 2015"]
[Source "ChessBase"]
[SourceDate "2015.07.17"]
[SourceVersion "1"]
[SourceVersionDate "2015.07.17"]
[SourceQuality "1"]

1. e4 e5 2. Nf3 Nc6 3. d4 exd4 4. Nxd4 Bc5 5. Nxc6 Qf6 6. Qf3 Qxf3 7. gxf3 bxc6 8. Rg1 g6 9. Nc3 Rb8 10. Rg5 Bd4 11. Ra5 Bb6 12. Ra3 f6 13. Na4 Bb7 14. Nxb6 axb6 15. Rb3 d6 16. a4 Bc8 17. Bc4 Ne7 18. a5 b5 19. a6 Bh3 20. Be3 Kd7 21. Be2 Be6 22. Rba3 Ra8 23. h4 Rhg8 24. b3 g5 25. hxg5 fxg5 26. Kd2 h5 27. Rh1 h4 28. Rg1 h3 29. Raa1 Rh8 30. Rh1 Ng6 31. Bxg5 d5 32. Ke3 Nh4 33. Kd4 Kc8 34. Kc5 Bd7 35. c4 dxe4 36. fxe4 Re8 37. f4 Nf5 38. exf5 Rxe2 39. f6 Re8 40. Rhe1 bxc4 41. bxc4 Be6 42. Ra3 1-0

[Event "GER-ch63 V01 email"]
[Site "GER email"]
[Date "2011.??.??"]
[Round "?"]
[White "Grehling, Martin"]
[Black "Mathias, Manfred"]
[Result "0-1"]
[WhiteElo "2190"]
[BlackElo "2059"]
[PlyCount "60"]
[EventDate "2011.02.21"]
[EventType "tourn (corr)"]
[EventRounds "6"]
[EventCountry "GER"]
[SourceTitle "Corr 2015"]
[Source "ChessBase"]
[SourceDate "2015.07.17"]
[SourceVersion "1"]
[SourceVersionDate "2015.07.17"]
[SourceQuality "1"]

1. d4 Nf6 2. c4 c5 3. d5 e6 4. Nc3 exd5 5. cxd5 d6 6. e4 g6 7. f4 Bg7 8. Bb5+ Nfd7 9. a4 Na6 10. Bxa6 bxa6 11. Nf3 0-0 12. 0-0 Re8 13. f5 Rb8 14. Qc2 Ne5 15. fxg6 hxg6 16. Nxe5 Bxe5 17. Bf4 Bd4+ 18. Kh1 Rb4 19. Rae1 a5 20. Nb5 Ba6 21. b3 Bxb5 22. axb5 Rxb5 23. Qd3 Rb6 24. Bd2 Qd7 25. Rf3 a4 26. b4 Qb5 27. bxc5 Qxd3 28. Rxd3 Bxc5 29. Ba5 Rb3 30. Rdd1 a3 0-1

[Event "GER-ch60 V04 email"]
[Site "GER email"]
[Date "2011.??.??"]
[Round "?"]
[White "Grehling, Martin"]
[Black "Mergard, Hans Peter"]
[Result "1/2-1/2"]
[WhiteElo "2190"]
[BlackElo "2137"]
[PlyCount "74"]
[EventDate "2011.??.??"]
[EventType "tourn (corr)"]
[EventRounds "6"]
[EventCountry "GER"]
[SourceTitle "Corr 2015"]
[Source "ChessBase"]
[SourceDate "2015.07.17"]
[SourceVersion "1"]
[SourceVersionDate "2015.07.17"]
[SourceQuality "1"]

1. e4 e5 2. Nf3 Nf6 3. Nxe5 d6 4. Nf3 Nxe4 5. d4 d5 6. Bd3 Nc6 7. 0-0 Be7 8. c4 Nb4 9. Be2 Bf5 10. Qa4+ Qd7 11. Qxd7+ Bxd7 12. Nc3 Be6 13. Bf4 Bd6 14. Bxd6 cxd6 15. Rfc1 Nxc3 16. bxc3 Nc6 17. Ng5 dxc4 18. Re1 d5 19. Bg4 Nd8 20. Nxe6 Nxe6 21. Bxe6 fxe6 22. Rxe6+ Kf7 23. Re5 Rad8 24. Rae1 Rhe8 25. f4 Rxe5 26. fxe5 Ke6 27. Rb1 b6 28. Kf2 Rf8+ 29. Ke3 g5 30. g4 h5 31. gxh5 Rh8 32. Rf1 Rxh5 33. Rf6+ Ke7 34. Rf2 Rh3+ 35. Kd2 b5 36. a3 g4 37. Rg2 a5 1/2-1/2

[Event "GER HE-2164-D email"]
[Site "GER email"]
[Date "2010.01.??"]
[Round "?"]
[White "Grehling, Martin"]
[Black "Zimmermann, Rudolf"]
[Result "0-1"]
[WhiteElo "2190"]
[BlackElo "1875"]
[PlyCount "70"]
[EventDate "2010.??.??"]
[EventType "tourn (corr)"]
[EventRounds "6"]
[EventCountry "GER"]
[SourceTitle "Corr 2015"]
[Source "ChessBase"]
[SourceDate "2015.07.17"]
[SourceVersion "1"]
[SourceVersionDate "2015.07.17"]
[SourceQuality "1"]

1. d4 d5 2. c4 e6 3. Nc3 Nf6 4. Nf3 dxc4 5. e4 Bb4 6. e5 Nd5 7. Bd2 Bxc3 8. bxc3 b5 9. Be2 Nd7 10. a4 c6 11. Qb1 a6 12. 0-0 h6 13. Rc1 0-0 14. g4 f5 15. exf6 Qxf6 16. g5 hxg5 17. Bxg5 Qf7 18. Qe4 Bb7 19. Qh4 Qg6 20. Qg3 c5 21. axb5 axb5 22. Rxa8 Bxa8 23. Kf1 cxd4 24. Nxd4 Nc5 25. Bd2 Qf7 26. Ke1 Ne4 27. Qf3 Qg6 28. Qg4 Qxg4 29. Bxg4 e5 30. Nf3 Nc5 31. Ra1 Nd3+ 32. Ke2 e4 33. Rxa8 N5f4+ 34. Bxf4 Nxf4+ 35. Ke3 Rxa8 0-1

[Event "GER HE-2164-D email"]
[Site "GER email"]
[Date "2010.??.??"]
[Round "?"]
[White "Grehling, Martin"]
[Black "Schidzick, Juergen"]
[Result "0-1"]
[WhiteElo "2190"]
[BlackElo "1629"]
[PlyCount "68"]
[EventDate "2010.??.??"]
[EventType "tourn (corr)"]
[EventRounds "6"]
[EventCountry "GER"]
[SourceTitle "Corr 2015"]
[Source "ChessBase"]
[SourceDate "2015.07.17"]
[SourceVersion "1"]
[SourceVersionDate "2015.07.17"]
[SourceQuality "1"]

1. d4 Nf6 2. Bg5 e6 3. Nd2 h6 4. Bh4 d5 5. e4 g5 6. Bg3 Nxe4 7. Nxe4 dxe4 8. f3 exf3 9. Nxf3 Bd6 10. Bf2 Nc6 11. c3 Bd7 12. Bd3 Qe7 13. Qb3 0-0-0 14. 0-0-0 Bf4+ 15. Kb1 g4 16. Nd2 Na5 17. Qc2 h5 18. g3 Bxd2 19. Rxd2 Bc6 20. Re1 Bf3 21. b4 Nc6 22. Be4 Bxe4 23. Qxe4 Qg5 24. Qe2 Ne5 25. Be3 Qg6+ 26. Rc2 Nf3 27. Rec1 Qe4 28. Qf2 h4 29. Bf4 hxg3 30. Bxg3 Rh5 31. Kb2 a5 32. a4 axb4 33. cxb4 c6 34. b5 Rxd4 0-1

[Event "GER-ch51 V3 email"]
[Site "GER email"]
[Date "2009.01.19"]
[Round "?"]
[White "Oechslein, Rainer"]
[Black "Grehling, Martin"]
[Result "1-0"]
[WhiteElo "2295"]
[BlackElo "1876"]
[PlyCount "43"]
[EventDate "2009.??.??"]
[EventType "tourn (corr)"]
[EventRounds "6"]
[EventCountry "GER"]
[SourceTitle "Corr 2011"]
[Source "ChessBase"]
[SourceDate "2010.08.31"]
[SourceVersion "1"]
[SourceVersionDate "2010.08.31"]
[SourceQuality "1"]

1. e4 e5 2. Nf3 Nc6 3. Bb5 a6 4. Ba4 Nf6 5. 0-0 Be7 6. Re1 b5 7. Bb3 d6 8. c3 0-0 9. h3 Bb7 10. d4 Na5 11. Bc2 Nc4 12. b3 Nb6 13. Nbd2 Re8 14. dxe5 dxe5 15. Nxe5 Bc5 16. Ng4 Nxg4 17. Qxg4 Nd5 18. b4 Bb6 19. Nf3 Nxc3 20. Bb2 Qf6 21. e5 Qc6 22. Rac1 1-0